000 00660nam a2200241Ia 4500
003 OSt
005 20220924133153.0
006 a|||||r|||| 00| 0
007 ta
008 220923b |||||||| |||| 00| 0 ben d
020 _c750
024 _a259189
037 _bM/2009/40, 03/08/2009, Mukta Dhara
_cTextual
040 _aARTS
_cARTS
_bben
041 _2ben
_aben
082 _aO157,3N481x, P8
100 _aChaudhary Aaleh
_9205800
245 0 _aHumayun
260 _c2008
650 _aBENGALI LITERATURE
942 _hO157,3N481x, P8
_cTEXL
_2CC
999 _c432845
_d432845